000 00824nam a2200325 a 4500
003 AR-BaBNM
005 20251128202742.0
008 082120s2002 ||||||||||||||000 | spa||
040 _cAR-BaBNM
100 1 _aMajian, Rosa
245 0 0 _aCultura armenia
260 _aBuenos Aires
_bUniversidad Kennedy Argentina
_c1971
300 _a141 p.
_bil., láms., tablas, mapas
504 _aContiene bibliografía para consultar p. 139-140
650 4 _aECONOMIA
650 4 _aSOCIEDAD
650 4 _aIGLESIA
650 4 _aHISTORIA MEDIEVAL
650 4 _aHISTORIA MODERNA
650 4 _aHISTORIA ASIATICA
650 4 _aHISTORIA EUROPEA
650 4 _aCULTURA
650 4 _aLITERATURA
650 4 _aRELIGION
650 4 _aARQUITECTURA
651 4 _aRusia
651 4 _aArmenia
942 _cBK
998 _cmariana
999 _c404
_d404